000 00909nam a2200253Ia 4500
008 130821s1997 sp gr spa
020 _a9788449304057
040 _aCo-BoUCM
_bspa
041 0 0 _aspa
100 1 _aArendt, Hannah
_d1906-1975
_932135
245 1 1 _a¿Qué es la política?
_cHannah Arendt ; traducción Rosa Sala Carbó ; introducción de Fina Birulés
260 _aBarcelona (España)
_bPaidós
_c1997
300 _a156 páginas
490 _aPensamiento Contemporáneo
_v49
650 0 4 _aCiencia política
_9340
650 0 4 _aÉtica política
_915256
650 0 4 _aFilosofía de la democracia
_915756
650 0 4 _aFilosofía política
_915841
700 1 _aBirulés Bertrán, Fina
_eprol.
_9135702
700 1 _aSala Carbó, Rosa
_etrad.
_9154566
765 _aWas ist politik? Aus dem Nachlab.
942 _cLIBRO
_a6
_e1
_mA681q
_2DEWEY
_h320.01
999 _c57263
_d57263